HAND BOOK OF OBSTETRICS & GYNAECOLOGY EMERGENCIES / (Record no. 796169)

MARC details
000 -LEADER
fixed length control field 00502pam a2200181 a 4500
020 ## - INTERNATIONAL STANDARD BOOK NUMBER
International Standard Book Number 07817300X4
Terms of availability 614.90
041 ## - LANGUAGE CODE
Language code of text/sound track or separate title eng
Language code of original NULL
082 ## - DEWEY DECIMAL CLASSIFICATION NUMBER
Classification number 618.0425
Item number BEN
100 ## - MAIN ENTRY--PERSONAL NAME
Personal name BENRUBI, G .
245 ## - TITLE STATEMENT
Title HAND BOOK OF OBSTETRICS & GYNAECOLOGY EMERGENCIES /
Statement of responsibility, etc. NULL.
Medium Textual Documents
250 ## - EDITION STATEMENT
Edition statement 2 /
Remainder of edition statement .
260 ## - PUBLICATION, DISTRIBUTION, ETC.
Place of publication, distribution, etc. NULL :
Name of publisher, distributor, etc. LIPPINCOTT WILLIAMS & WILKINS ,
Date of publication, distribution, etc. 2001.
300 ## - PHYSICAL DESCRIPTION
Extent 447 :
Other physical details XIV ;
Dimensions NULL .
365 ## - TRADE PRICE
Price type code 614.90
650 ## - SUBJECT ADDED ENTRY--TOPICAL TERM
Topical term or geographic name entry element OBST.GYNE
930 ## - EQUIVALENCE OR CROSS-REFERENCE-UNIFORM TITLE HEADING [LOCAL, CANADA]
Uniform title 1633
Holdings
Withdrawn status Lost status Damaged status Not for loan Home library Current library Date acquired Cost, normal purchase price Total Checkouts Full call number Barcode Date last seen Copy number Price effective from Koha item type
        Medical College & Hospital, Sangli Medical College & Hospital, Sangli 28/11/2011 614.90   618.0425 BEN MCS-4241 26/07/2023 1 26/07/2023 Book